000 00593nam a22002057a 4500
003 OSt
005 20170314130136.0
008 140701b xxu||||| |||| 00| 0 eng d
020 _a9780443068751
040 _cDNLM.
082 _aQS4 T544a 2005
100 _aTixa,Serge
_9287
245 _aAtlas of surface palpation :
_banatomy of the neck, trunk, upper and lower limbs /
_cSerge Tixa
250 _a2
260 _aEdinburgh
_bChurchill Livingstone
_c2005
300 _aix, 502 p ;
_bcol.ill :
_c26cm .
504 _aincludes index
650 _aSurface palpation
_9288
942 _2z
_cO_SHELF
999 _c5680
_d5680